000
002970000a22001450004500
003
MACL
040
_a
MACL
090
_c
33845
_d
33843
100
_a
Singh, S C
245
_a
Objective Physics
260
_b
Bright Careers institus
350
_a
300
650
_a
Physics
942
_c
BOOK
_k
530/Sin
999
_c
33490
_d
33490